000 00436nam a2200145Ia 4500
003 OSt
005 20260202103932.0
008 211028s2019 xx 000 0 und d
040 _cAIMIT LIBRARY
041 _aeng
100 _aAbhijith;Krishna, Vinay.
_g1716004
_97985
245 _aVendors perception towards sunrise pvc pipes a study with reference to LG industries /
260 _aMangalore
_bRowena Wright
_c2019
942 _2ddc
_cPRO
999 _c219553
_d219553